000
00304nam a2200133Ia 4500
003
OSt
005
20240109102642.0
008
170524s9999 xx 000 0 und d
020
_a
9788120327603
040
_c
iimtu
100
_a
OGATA KATSUHIKO
245
0
_a
DISCRETE TIME CONTROL SYSTEM
942
_2
ddc
_c
02
999
_c
4530
_d
4530